| 000 | 00340nam a2200133Ia 4500 | ||
|---|---|---|---|
| 008 | 240624s9999 xx 000 0 und d | ||
| 041 | _aeng | ||
| 082 | _a300.72 KUM | ||
| 100 | _aKUMAR MARGARET | ||
| 245 | _aPOSITIONING RESEARCH SHIFTING PARADIGMS | ||
| 260 |
_c2018 _aNew Delhi _bSage |
||
| 300 | _axii, 296 p.; 23 cm. | ||
| 365 |
_cRS _b35 |
||
| 999 |
_c31701 _d31701 |
||